Conversión electromecánica de la energía
Gorde:
| Egile nagusia: | |
|---|---|
| Formatua: | Liburua |
| Hizkuntza: | ingelesa |
| Argitaratua: |
Nueva York
Librería de las Naciones
1970
|
| Gaiak: | |
| Etiketak: |
Etiketa erantsi
Etiketarik gabe, Izan zaitez lehena erregistro honi etiketa jartzen!
|
MARC
| LEADER | 00000nam a2200000 a 4500 | ||
|---|---|---|---|
| 001 | UCV4489 | ||
| 003 | CL-VaPUC | ||
| 008 | 930819e19700000US |||||||||||||||||eng|d | ||
| 082 | 0 | 4 | |a 621.313 |b ELL |2 21 |
| 100 | 0 | |a Ellison, A. J |e author |9 298732 | |
| 245 | 1 | 0 | |a Conversión electromecánica de la energía |
| 300 | |a 224 p | ||
| 942 | |c BK | ||
| 945 | |d 19930819 00:00:00 | ||
| 260 | |a Nueva York |b Librería de las Naciones |c 1970 | ||
| 650 | 7 | |a DISPOSITIVOS ELECTROMECANICOS |2 CL-VaPUC |9 260342 | |
| 650 | 0 | |a Convertidores de corriente eléctrica |9 260727 | |
| 650 | 0 | |a Máquinas eléctricas |9 260079 | |
| 583 | |a last modification |c 20120410 12:04:19 |k Rodrigo Vera | ||
| 999 | |c 211292 |d 211290 | ||
| 952 | |0 0 |1 0 |4 0 |6 621_313000000000000_ELL_1970 |7 0 |8 A |9 190099 |a BIBING |b BIBING |d 2019-11-14 |i 3089673 |o 621.313 ELL 1970 |p 3089673 |r 2023-03-02 |w 2019-11-14 |y BK |k ING | ||